Report on the work of the department of census and statistics 1975 (Record no. 56239)

MARC details
000 -LEADER
fixed length control field 00828nam a2200145 a 4500
008 - FIXED-LENGTH DATA ELEMENTS--GENERAL INFORMATION
fixed length control field 150520s1977 ||||||||||||||||| || u
050 ## - LIBRARY OF CONGRESS CALL NUMBER
Classification number GOV.ZAM(058)DCS/1977
110 ## - MAIN ENTRY--CORPORATE NAME
Corporate name or jurisdiction name as entry element The Government of the Republic of Zambia. Ministry of Finance, Department of Census and Statistics
245 10 - TITLE STATEMENT
Title Report on the work of the department of census and statistics 1975
Statement of responsibility, etc. By the Department of Census and Statistics
260 ## - PUBLICATION, DISTRIBUTION, ETC.
Place of publication, distribution, etc. Lusaka:
Name of publisher, distributor, etc. Government Printer
Date of publication, distribution, etc. 1977
350 ## - PRICE (NR) (BK AM CF MU VM SE) [OBSOLETE]
Price 0.00
500 ## - GENERAL NOTE
General note Holdings for the year ended 30th June, 1966; December, 1968; December, 1971; December, 1974; December, 1975; Years 1976/77/78/79; December, 1981; December, 1982
650 ## - SUBJECT ADDED ENTRY--TOPICAL TERM
Topical term or geographic name entry element FINANCIAL REPORTS
995 ## - RECOMMENDATION 995 [LOCAL, UNIMARC FRANCE]
-- CBU-MAIN LIBRARY (Kitwe)
-- 0.00
-- 1
-- AVAILABLE
-- May 20, 2015
-- Zambiana Collection
Holdings
Withdrawn status Lost status Source of classification or shelving scheme Damaged status Not for loan Home library Current library Shelving location Date acquired Total Checkouts Full call number Barcode Date last seen Price effective from Koha item type
          CBU-MAIN LIBRARY, KITWE. CBU-MAIN LIBRARY, KITWE.   11/30/2022   GOV.ZAM(058)DCS/1977 03004825 11/30/2022 11/30/2022 MONOGRAPH